000 00576nam a2200169Ia 4500
008 090201s9999 xx 000 0 und d
010 _aKPL-50469
040 _bमराठी
041 _aमराठी
082 _a20539
_b50469
100 _aउल्हास कोल्हटकर
245 _aबीज अंकुरे अंकुरे
_cउल्हास कोल्हटकर
260 _c2004
_bआरती प्रकाशन
300 _a137
_bमोठा
600 _aबीज अंकुरे अंकुरे
942 _cBOOK
999 _c220299
_d220299